Canto general : song of the Americas /

Pablo Neruda's epic poem Canto General is a prodigious work that scrolls out like the chronicle of a journey through the Americas, as the poet strives to provide a unifying vision of reality. Neruda's most audacious and ambitious achievement, Canto General locates and reveals communal sour...

Full description

Bibliographic Details
Main Author: Neruda, Pablo, 1904-1973 (Author)
Other Authors: Griffor, Mariela (Translator)
Format: Book
Language:English
Published: North Adams, Massachusetts : Tupelo Press, 2016.
Edition:First edition.
Series:Tupelo Press poetry in translation.
Subjects:

MARC

Tag First Indicator Second Indicator Subfields
LEADER 00000cam a2200000 i 4500
001 in00003714607
005 20170926151532.0
008 160826t20162016mau 000 p eng c
010 |a  2016039689 
020 |a 9781936797691  |q paperback  |q alkaline paper 
020 |a 1936797690  |q paperback  |q alkaline paper 
024 8 |a 40026642595 
035 |a (OCoLC)ocn956693824 
040 |a MH/DLC  |b eng  |e rda  |c HLS  |d DLC  |d BTCTA  |d YDX  |d BDX  |d OCLCF  |d CUY  |d YDX  |d OCLCO  |d YUS  |d UtOrBLW 
041 1 |a eng  |h spa 
042 |a pcc 
043 |a n------  |a s------ 
049 |a TXAM 
050 0 0 |a PQ8097.N4  |b C1713 2016 
082 0 0 |a 861/.62  |2 23 
100 1 |a Neruda, Pablo,  |d 1904-1973,  |e author.  |0 http://id.loc.gov/authorities/names/no2016123246 
240 1 0 |a Canto general.  |l English 
245 1 0 |a Canto general :  |b song of the Americas /  |c Pablo Neruda ; translated by Mariela Griffor, with Jeffrey Levine, Nancy Naomi Carlson, and Rebecca Seiferle ; Jeffrey Levine, translation editor. 
250 |a First edition. 
264 1 |a North Adams, Massachusetts :  |b Tupelo Press,  |c 2016. 
264 4 |c ©2016 
300 |a xxxii, 512 pages ;  |c 22 cm. 
336 |a text  |b txt  |2 rdacontent 
337 |a unmediated  |b n  |2 rdamedia 
338 |a volume  |b nc  |2 rdacarrier 
490 1 |a Tupelo Press poetry in translation 
500 |a Translated from the Spanish. 
520 |a Pablo Neruda's epic poem Canto General is a prodigious work that scrolls out like the chronicle of a journey through the Americas, as the poet strives to provide a unifying vision of reality. Neruda's most audacious and ambitious achievement, Canto General locates and reveals communal sources of strength in the place of our origin, land of our ancestors. The poet depicts history as a vast, continuous struggle against oppression. Constructed in fifteen parts, and made up of more than fifteen thousand lines, Canto General unfolds in successive epochs, celebrating the flora and fauna and geology of Neruda's homeland and recounting episodes in the lives of explorers and conquistadors, emperors and dictators, revolutionaries and everyday laborers.--  |c Provided by publisher. 
651 0 |a America  |v Poetry. 
700 1 |a Griffor, Mariela,  |e translator.  |0 http://id.loc.gov/authorities/names/no2007020618 
765 0 8 |i Translation of:  |a Neruda, Pablo, 1904-1973.  |t Canto general.  |d [Santiago, Chile], 1950  |w (DLC) 61037937  |w (OCoLC)7167423 
830 0 |a Tupelo Press poetry in translation.  |0 http://id.loc.gov/authorities/names/no2011154101 
945 |b 902525 
947 |a A14850004897 
948 |a cataloged  |b h  |c 2017/1/13  |d c  |e ceaton  |f 11:02:38 am 
999 f f |s a2d040e7-ae2f-3204-a68c-db2828e6a17c  |i 121c3383-4c50-3d47-9690-92e158c541d8  |t 0 
952 f f |p normal  |a Texas A&M University  |b College Station  |c Sterling C. Evans Library  |d Evans: Library Stacks  |t 0  |e PQ8097.N4 C1713 2016  |h Library of Congress classification  |i unmediated -- volume  |m A14850004897 
998 f f |a PQ8097.N4 C1713 2016  |t 0  |l Evans: Library Stacks